| 000 | 00795nam a2200229 i 4500 | ||
|---|---|---|---|
| 001 | 181320 | ||
| 003 | ES-MaACL | ||
| 005 | 20250911062854.0 | ||
| 008 | 121210s2011 sp | |||||||| | spa d | ||
| 020 | _a978-84-9895-796-9 | ||
| 080 | _a821.111(73)-14"19" | ||
| 100 | 1 |
_aBukowski, Charles. _932490 |
|
| 245 | 1 | 4 |
_aLos placeres del condenado : _bpoemas, 1951-1993 / _cCharles Bukowski ; traducción y prólogo de Ciro Arbós. |
| 260 |
_aMadrid : _bVisor Libros, _cD.L. 2011. |
||
| 300 |
_a672 p. ; _c20 cm. |
||
| 490 | 1 |
_aColección Visor de poesía ; _vv. 796 |
|
| 700 | 1 |
_aArbós Moya, Ciro. _9147707 |
|
| 830 | 0 |
_aColección Visor de poesía _vv. 796 _9177331 |
|
| 852 |
_aES-MaACL _jA-12378 _912378 _bR.148363 _cDEPO1 _dOlim: N-5393 |
||
| 942 |
_2udc _cMONOGRAFIA |
||
| 999 |
_c181320 _d181320 |
||